DISEASES OF THE SINUSES DIAGNE IN AND MANAGEMENT (Record no. 34327)

MARC details
000 -LEADER
fixed length control field 00425nam a22001697a 4500
003 - CONTROL NUMBER IDENTIFIER
control field SGT
020 ## - INTERNATIONAL STANDARD BOOK NUMBER
International Standard Book Number 978550090453
082 ## - DEWEY DECIMAL CLASSIFICATION NUMBER
Classification number 617.51
Item number D01K
100 ## - MAIN ENTRY--PERSONAL NAME
Personal name KENNEDY, DAVID W.
245 ## - TITLE STATEMENT
Title DISEASES OF THE SINUSES DIAGNE IN AND MANAGEMENT
250 ## - EDITION STATEMENT
Edition statement 1ST
260 ## - PUBLICATION, DISTRIBUTION, ETC. (IMPRINT)
Place of publication, distribution, etc HAMILTON
Name of publisher, distributor, etc BC DECKER PUB
Year of Publication 2001
300 ## - PAGE DESCRIPTION
No. of Pages 430
650 ## - SUBJECT ADDED ENTRY--TOPICAL TERM
Topical term or geographic name as entry element ENT
653 ## - KEYWORDS--INDEX TERM
Keyword term DISEASES OF THE SINUSES DIAGNE IN AND MANAGEMENT
942 ## - ADDED ENTRY ELEMENTS (KOHA)
Source of classification or shelving scheme Dewey Decimal Classification
Koha item type Books
Holdings
Withdrawn status Lost status Source of classification or shelving scheme Damaged status Not for loan Collection code Home library Current library Shelving location Date acquired Vendor Name SGTU Total Checkouts Full call number Accession No. (Barcode) Date last seen Bill Date Koha item type
    Dewey Decimal Classification   Not For Loan MEDICAL SGT Medical Library SGT Medical Library Reference Book 09/03/2026 COMP SGTU   617.51 D01K FM16313 09/03/2026 09/03/2026 Books